000 01476nad a2200385 a 4500
001 MIU01000000000000005427396
003 MiU
005 20231010141112.0
007 cr mnummmmuuuu
008 880718s1986 enk sb 001 0beng d
020 _z0198247672 :
024 7 _a2027/heb03049
_2hdl
040 _aMiU
_cMiU
090 _aB785.P564
_b(INTERNET)
100 1 _aWoodhouse, C. M.
_q(Christopher Montague),
_d1917-
_937318
245 1 0 _aGeorge Gemistos Plethon
_h[electronic resource] :
_bthe last of the Hellenes /
_cC.M. Woodhouse.
246 3 8 _aGemistos Plethon
300 _axxi, 391 p. ;
_c23 cm.
500 _aIncludes complete translations and summaries of all the published works of Gemistos Plethon.
504 _aIncludes bibliographical references and index.
600 1 0 _aGemistus Plethon, George,
_d15th cent.
_937319
650 0 _zByzantine Empire
_vBiography.
_937320
700 1 _aGemistus Plethon, George,
_d15th cent.
_937321
830 0 _aACLS Humanities E-Book.
_937322
856 4 0 _zVolltext
_uhttps://hdl.handle.net/2027/heb03049
942 _cEB
500 _aE-Book-ACLS / Zugriff nur im DHI-Lesesaal
653 _aPhilosophers
336 _2rdacontent
_btxt
_aText
337 _2rdamedia
_bbc
_aComputermedien
338 _2rdacarrier
_bcr
_aOnline Ressource
264 _aOxford [Oxfordshire] :
_bClarendon Press ;
_cc1986.
041 _aeng
500 _aAmerican Council of Learned Societies/ https://www.humanitiesebook.org/about/
999 _c65388
_d65388